000 00434nam a22001457a 4500
082 _aBEE-2 SAL
100 _aSalman Javed Bajwa
_993569
245 _aSolar water pump
260 _aIslamabad
_bNUST-SEECS
_c2014
500 _aSupervisor:Dr.Touseef Touqeer
563 _aHB
700 _aSalman Javed Bajwa, Salman Khalid, Umair Ahmed Shafi
_993570
856 _uhttp://10.250.8.41:8080/xmlui/handle/123456789/9768
942 _cPR
_2ddc
999 _c12929
_d12929